000
00296nam a2200145Ia 4500
100
_a
Wise/ H.H
650
_a
General
942
_c
BK
654
_a
Rooms with View
245
_a
Rooms with a View
260
_b
Quick fox
_a
New York
_c
1978
082
_a
747
300
_a
95
546
_a
ENGLISH
999
_c
25558
_d
25558